00590nam a2200181Ia 4500008004100000020001500041041001200056082001600068100002000084245005700104250000800161260002100169300000800190650001600198942000700214999001500221952017200236221030s9999 xx 000 0 und d a8120329139 aEnglish a105.23bTan aA. S. Tanenbaum 0aStructured Computer Organizationcby A. S. Tanenbaum a5th bPHIaDelhic2006 a777 aBE Computer cBK c3143d3143 pBE 8439g425.00l0o105.23 Tanr2024-06-13 00:00:00w2022-10-30yBK003Print4070aMIETLIBbMIETLIBcBL-Academic Block C, FL-2, CUP-105, SH-2, R-2d2006-11-0410HBE